[Event "FRA-ch Accession"]
[Site "Albi"]
[Date "2022.08.15"]
[Round "3"]
[White "Di Nicolantonio, Lucas"]
[Black "Cotonnec, Melkior"]
[Result "1/2-1/2"]
[WhiteElo "2387"]
[BlackElo "2269"]
[PlyCount "57"]
[EventDate "2022.08.13"]
[EventType "swiss"]
[EventRounds "9"]
[EventCountry "FRA"]
[SourceTitle "CBM 210 Extra"]
[Source "ChessBase"]
[SourceDate "2022.11.30"]
[SourceVersion "1"]
[SourceVersionDate "2022.11.30"]
[SourceQuality "1"]

1. Nf3 d5 2. e3 Nf6 3. c4 e6 4. Nc3 c5 5. cxd5 Nxd5 6. d4 Nc6 7. Bd3 Be7 8. 0-0 0-0 9. Re1 Nxc3 10. bxc3 b6 11. Bb2 Bb7 12. e4 Na5 13. Qe2 Rc8 14. Rad1 Re8 15. Bb5 Bc6 16. d5 exd5 17. exd5 Bf8 18. Qf1 Rxe1 19. Nxe1 Bxb5 20. Qxb5 Bd6 21. Nf3 Qe8 22. Qa6 Rc7 23. Re1 Re7 24. Rxe7 Qxe7 25. Qc8+ Qf8 26. Qd7 Qe7 27. Qc8+ Qf8 28. Qd7 Qe7 29. Qc8+ 1/2-1/2

[Event "Europe Echecs Blitz May op"]
[Site "Europe Echecs INT"]
[Date "2021.05.09"]
[Round "11"]
[White "Cotonnec, Melkior"]
[Black "Bauer, Christian"]
[Result "0-1"]
[WhiteElo "2294"]
[BlackElo "2639"]
[PlyCount "114"]
[EventDate "2021.05.09"]
[EventType "swiss (blitz)"]
[EventRounds "11"]
[EventCountry "FRA"]
[SourceTitle "CBM 202 Extra"]
[Source "ChessBase"]
[SourceDate "2021.07.31"]
[SourceVersion "1"]
[SourceVersionDate "2021.07.31"]
[SourceQuality "1"]

1. c4 e5 2. g3 Nc6 3. Bg2 Bc5 4. Nc3 a6 5. Nf3 d6 6. e3 Ba7 7. d4 Bg4 8. h3 Bh5 9. g4 Bg6 10. dxe5 dxe5 11. Qxd8+ Rxd8 12. b3 Nb4 13. 0-0 f6 14. Nh4 c6 15. Rd1 Rxd1+ 16. Nxd1 Bd3 17. Bb2 Ne7 18. Nc3 g5 19. Nf3 Bg6 20. Ne1 a5 21. Rd1 h5 22. Bf3 hxg4 23. hxg4 Bb8 24. a3 Na6 25. Ne4 Kf7 26. Kg2 Ke6 27. Nd3 b6 28. b4 Rh4 29. Kg3 Rh8 30. Bc3 axb4 31. axb4 Nc7 32. Nb2 Kf7 33. Na4 Ne6 34. Nxb6 Nd4 35. Kg2 Nxf3 36. Kxf3 Rh4 37. Ng3 Rh2 38. c5 e4+ 39. Nxe4 Bxe4+ 40. Kxe4 Rxf2 41. Nd7 Bh2 42. Nxf6 Rxf6 43. Bxf6 Kxf6 44. Rb1 Nd5 45. Rb3 Ke6 46. Kd4 Be5+ 47. Kc4 Nc7 48. Ra3 Kd7 49. Ra2 Bg3 50. Rg2 Be5 51. Rf2 Ke6 52. Rf8 Nd5 53. Rc8 Nxe3+ 54. Kd3 Nxg4 55. Rxc6+ Kd5 56. Rg6 Bf4 57. c6 Ne5+ 0-1

[Event "FRA-ch Blitz Online Qual"]
[Site "Europe Echecs INT"]
[Date "2020.05.16"]
[Round "7"]
[White "Bauer, Christian"]
[Black "Cotonnec, Melkior"]
[Result "1-0"]
[WhiteElo "2623"]
[BlackElo "2300"]
[PlyCount "81"]
[EventDate "2020.05.16"]
[EventType "swiss (blitz)"]
[EventRounds "15"]
[EventCountry "FRA"]
[SourceTitle "CBM 196 Extra"]
[Source "ChessBase"]
[SourceDate "2020.07.31"]
[SourceVersion "1"]
[SourceVersionDate "2020.07.31"]
[SourceQuality "1"]

1. e4 c5 2. Nf3 d6 3. c3 Nf6 4. h3 Nc6 5. Bd3 d5 6. e5 Nd7 7. Bb5 Qc7 8. d4 Qa5 9. Bxc6 bxc6 10. e6 fxe6 11. 0-0 cxd4 12. cxd4 c5 13. Nc3 cxd4 14. Nxd4 Nf6 15. Re1 Kf7 16. Nc6 Qb6 17. Ne5+ Kg8 18. Be3 Qb7 19. Na4 g6 20. Nc5 Qb8 21. Bf4 Qb5 22. Rc1 Bg7 23. a4 Qb4 24. Qf3 Qb6 25. Be3 Qd8 26. b4 Qf8 27. Nc6 Qe8 28. b5 h6 29. Bd4 Kh7 30. Nxe6 Bxe6 31. Rxe6 Qf8 32. Rxe7 Nh5 33. Rc3 Qxf3 34. Rxf3 Rhf8 35. Rxf8 Rxf8 36. g4 Nf6 37. Rxa7 Kh8 38. b6 Ne8 39. Bxg7+ Nxg7 40. b7 Ne6 41. Ra8 1-0

[Event "FRA-ch Blitz Online Qual"]
[Site "Europe Echecs INT"]
[Date "2020.05.16"]
[Round "15"]
[White "Guliyev, Namig"]
[Black "Cotonnec, Melkior"]
[Result "1/2-1/2"]
[WhiteElo "2529"]
[BlackElo "2300"]
[PlyCount "93"]
[EventDate "2020.05.16"]
[EventType "swiss (blitz)"]
[EventRounds "15"]
[EventCountry "FRA"]
[SourceTitle "CBM 196 Extra"]
[Source "ChessBase"]
[SourceDate "2020.07.31"]
[SourceVersion "1"]
[SourceVersionDate "2020.07.31"]
[SourceQuality "1"]

1. e4 c5 2. Nf3 d6 3. d4 cxd4 4. Nxd4 Nf6 5. Nc3 g6 6. Be3 Bg7 7. Be2 Nc6 8. Qd2 0-0 9. 0-0 Bd7 10. f3 a6 11. a4 Rc8 12. Rfe1 Ne5 13. a5 Nc4 14. Bxc4 Rxc4 15. b3 Rc8 16. Nd5 Re8 17. c4 Nxd5 18. exd5 e5 19. dxe6 fxe6 20. Rad1 d5 21. cxd5 exd5 22. Ne2 Bc6 23. Bd4 Bxd4+ 24. Nxd4 Qf6 25. h3 Kf7 26. Kh2 Rxe1 27. Rxe1 Re8 28. Rxe8 Kxe8 29. Qe3+ Kd7 30. f4 Qe7 31. Qxe7+ Kxe7 32. g4 Kd6 33. b4 Kc7 34. Kg3 b6 35. f5 gxf5 36. gxf5 bxa5 37. bxa5 Bd7 38. Kf4 Kd6 39. h4 h6 40. Nf3 Be8 41. Nd4 Bd7 42. f6 Bc8 43. Ke3 Bd7 44. Kf3 Bc8 45. Ke3 Bd7 46. Kd3 Bc8 47. Ke3 1/2-1/2

[Event "FRA-ch Blitz Online Qual"]
[Site "Europe Echecs INT"]
[Date "2020.05.16"]
[Round "6"]
[White "Masset, Jacques"]
[Black "Cotonnec, Melkior"]
[Result "0-1"]
[WhiteElo "2058"]
[BlackElo "2300"]
[PlyCount "70"]
[EventDate "2020.05.16"]
[EventType "swiss (blitz)"]
[EventRounds "15"]
[EventCountry "FRA"]
[SourceTitle "CBM 196 Extra"]
[Source "ChessBase"]
[SourceDate "2020.07.31"]
[SourceVersion "1"]
[SourceVersionDate "2020.07.31"]
[SourceQuality "1"]

1. d4 Nf6 2. c4 g6 3. Nc3 d5 4. Nf3 Bg7 5. Bg5 Ne4 6. cxd5 Nxg5 7. Nxg5 e6 8. Qd2 exd5 9. Qe3+ Kf8 10. Qf4 f6 11. Nf3 c6 12. e3 h5 13. h4 Bh6 14. Qg3 Kf7 15. Bd3 Rg8 16. 0-0-0 Bg4 17. Kb1 Nd7 18. e4 Nb6 19. e5 Kg7 20. Rhe1 Kh7 21. Re2 Qf8 22. e6 Re8 23. Rde1 Rg7 24. a4 Nc8 25. Qb8 Rge7 26. a5 a6 27. Na4 Nb6 28. Qxe8 Qxe8 29. axb6 Bxf3 30. gxf3 Bf4 31. Nc5 Bd6 32. Nxb7 Rxb7 33. Rg1 f5 34. Rg5 Be7 35. Rg1 Rxb6 0-1

[Event "Sautron op 19th"]
[Site "Sautron"]
[Date "2019.10.21"]
[Round "6.4"]
[White "Abergel, Thal"]
[Black "Cotonnec, Melkior"]
[Result "1-0"]
[WhiteElo "2475"]
[BlackElo "2330"]
[PlyCount "75"]
[EventDate "2019.12.10"]
[EventType "swiss"]
[EventRounds "9"]
[EventCountry "FRA"]
[SourceTitle "EXT 2022"]
[Source "ChessBase"]
[SourceDate "2021.10.06"]
[SourceVersion "1"]
[SourceVersionDate "2021.10.06"]
[SourceQuality "1"]

1. e4 c5 2. Nc3 Nc6 3. Bb5 Nd4 4. Bc4 e6 5. Nf3 Nf6 6. 0-0 a6 7. d3 b5 8. Bb3 Nxb3 9. axb3 Bb7 10. e5 Ng4 11. Ne4 d5 12. exd6 Bxd6 13. h3 Nf6 14. Bg5 Be7 15. Qe2 Nxe4 16. Bxe7 Qxe7 17. dxe4 0-0 18. Rfd1 Rfd8 19. Ne1 Rd6 20. f3 Rad8 21. Rd3 Rxd3 22. Nxd3 c4 23. bxc4 bxc4 24. Nf2 Qc5 25. c3 a5 26. Rd1 Rxd1+ 27. Qxd1 g5 28. Qd2 Kg7 29. Kf1 h6 30. Ng4 h5 31. Ne3 Kg6 32. Ke2 f5 33. exf5+ exf5 34. Qd7 Bc8 35. Qe8+ Kg7 36. Qd8 f4 37. Nd5 g4 38. Qg5+ 1-0

[Event "FRA-ch Accession"]
[Site "Chartres"]
[Date "2019.08.19"]
[Round "3"]
[White "Cotonnec, Melkior"]
[Black "Velten, Paul"]
[Result "0-1"]
[WhiteElo "2299"]
[BlackElo "2527"]
[PlyCount "48"]
[EventDate "2019.08.17"]
[EventType "swiss"]
[EventRounds "9"]
[EventCountry "FRA"]
[SourceTitle "EXT 2020"]
[Source "ChessBase"]
[SourceDate "2019.10.17"]
[SourceVersion "1"]
[SourceVersionDate "2019.10.17"]
[SourceQuality "1"]

1. d4 Nf6 2. c4 e6 3. g3 d5 4. Nf3 Bb4+ 5. Bd2 Be7 6. Bg2 0-0 7. 0-0 c6 8. Qc2 b6 9. Bf4 Ba6 10. b3 Nbd7 11. Rd1 Rc8 12. Ne5 c5 13. Nxd7 Qxd7 14. dxc5 Bxc5 15. Nc3 Qe7 16. cxd5 Ng4 17. d6 Bxf2+ 18. Kh1 Qf6 19. Rac1 Bd4 20. Ne4 Nf2+ 21. Nxf2 Rxc2 22. Ne4 Qg6 23. Rxc2 e5 24. Rc7 Bxe2 0-1

[Event "Paris-ch 94th"]
[Site "Paris"]
[Date "2019.07.10"]
[Round "5"]
[White "Cotonnec, Melkior"]
[Black "Lux, Hugo de Melo"]
[Result "1/2-1/2"]
[WhiteElo "2293"]
[BlackElo "2231"]
[PlyCount "119"]
[EventDate "2019.07.07"]
[EventType "swiss"]
[EventRounds "9"]
[EventCountry "FRA"]
[SourceTitle "CBM 191 Extra"]
[Source "ChessBase"]
[SourceDate "2019.09.30"]
[SourceVersion "1"]
[SourceVersionDate "2019.09.30"]
[SourceQuality "1"]

1. e4 c5 2. Nf3 e6 3. d4 cxd4 4. Nxd4 a6 5. c4 Nf6 6. Nc3 Qc7 7. Be2 b6 8. 0-0 Bb7 9. f3 d6 10. Be3 Nbd7 11. Qd2 Be7 12. Rfc1 0-0 13. a4 Rab8 14. b4 Rfc8 15. Nd1 Qd8 16. a5 d5 17. exd5 exd5 18. Bf4 Ra8 19. Nf5 bxa5 20. Nxe7+ Qxe7 21. Rxa5 dxc4 22. Bxc4 Nb6 23. Re5 Qf8 24. Ne3 Nxc4 25. Nxc4 Rd8 26. Qe1 Nd5 27. Bd2 Rac8 28. Na5 Rxc1 29. Qxc1 Ba8 30. Qc5 Rc8 31. Qxf8+ Kxf8 32. Kf2 Rc2 33. Re2 f6 34. Be1 Rxe2+ 35. Kxe2 Nf4+ 36. Kf1 Bd5 37. Bd2 Ng6 38. Be1 Ke7 39. Bg3 h5 40. h4 Ke6 41. Ke2 Ne7 42. Kd3 Nf5 43. Bf2 Ke5 44. Nc4+ Kf4 45. Nd2 g5 46. hxg5 fxg5 47. Ke2 h4 48. Nf1 Bc4+ 49. Ke1 Bxf1 50. Kxf1 Ne3+ 51. Kg1 Nc2 52. Bc5 h3 53. gxh3 Kxf3 54. Be7 Kg3 55. Bxg5 Nxb4 56. Bd2 Nc6 57. Kf1 Kxh3 58. Ke2 Kg4 59. Kd3 Kf5 60. Kc4 1/2-1/2

[Event "Paris-ch 94th"]
[Site "Paris"]
[Date "2019.07.09"]
[Round "4"]
[White "Eden, James"]
[Black "Cotonnec, Melkior"]
[Result "0-1"]
[WhiteElo "2343"]
[BlackElo "2293"]
[PlyCount "76"]
[EventDate "2019.07.07"]
[EventType "swiss"]
[EventRounds "9"]
[EventCountry "FRA"]
[SourceTitle "CBM 191 Extra"]
[Source "ChessBase"]
[SourceDate "2019.09.30"]
[SourceVersion "1"]
[SourceVersionDate "2019.09.30"]
[SourceQuality "1"]

1. d4 d5 2. Bf4 Nf6 3. e3 c5 4. c3 e6 5. Nf3 Bd6 6. Bg3 Qc7 7. Nbd2 Nbd7 8. Bd3 0-0 9. Qc2 h6 10. Bxd6 Qxd6 11. 0-0 e5 12. dxe5 Nxe5 13. Nxe5 Qxe5 14. c4 b6 15. cxd5 Nxd5 16. Nc4 Qe7 17. Be4 Bb7 18. a3 Rad8 19. Rad1 Nf6 20. Bxb7 Qxb7 21. Rd3 Qc7 22. Rfd1 b5 23. Nd6 Qc6 24. Nxb5 Rxd3 25. Qxd3 Rb8 26. Nd6 Rxb2 27. Qc4 Qc7 28. h3 Rb8 29. e4 Rd8 30. e5 Ne8 31. Qd5 c4 32. Rd4 c3 33. Rc4 Qe7 34. Nc8 Qg5 35. Qc5 Rd1+ 36. Kh2 c2 37. Ne7+ Kh7 38. h4 Qh5 0-1

[Event "Paris Oscaro blitz"]
[Site "Paris"]
[Date "2017.09.16"]
[Round "3"]
[White "Cotonnec, Melkior"]
[Black "Zubov, Alexander"]
[Result "1-0"]
[WhiteElo "2329"]
[BlackElo "2623"]
[PlyCount "105"]
[EventDate "2017.09.16"]
[EventType "swiss (blitz)"]
[EventRounds "9"]
[EventCountry "FRA"]
[SourceTitle "CBM 180 Extra"]
[Source "ChessBase"]
[SourceDate "2017.10.06"]
[SourceVersion "1"]
[SourceVersionDate "2017.10.06"]
[SourceQuality "1"]

1. e4 Nc6 2. d4 e5 3. dxe5 Nxe5 4. Nf3 Bb4+ 5. c3 Nxf3+ 6. Qxf3 Bc5 7. Be3 Bxe3 8. Qxe3 d6 9. Nd2 Nf6 10. Be2 0-0 11. 0-0 Re8 12. Qd3 Qe7 13. Bf3 Nd7 14. Rfe1 Ne5 15. Qc2 Qf6 16. Be2 Bd7 17. Rf1 g5 18. Rae1 Re7 19. f3 Rae8 20. Nc4 Ng6 21. Ne3 c6 22. Bd3 h5 23. Qd2 h4 24. Nc4 Be6 25. b3 Bxc4 26. Bxc4 Kg7 27. a4 a5 28. b4 Ra8 29. b5 Qe5 30. Qd4 Rae8 31. Rd1 Rd8 32. Qb6 Rdd7 33. Qd4 d5 34. exd5 cxd5 35. Bb3 Nf4 36. Qxe5+ Rxe5 37. Rfe1 Rxe1+ 38. Rxe1 Rc7 39. Re3 Rxc3 40. Rxc3 Ne2+ 41. Kf2 Nxc3 42. Ke3 b6 43. Kd3 d4 44. Kxd4 Ne2+ 45. Ke5 Nf4 46. g3 hxg3 47. hxg3 Ne2 48. g4 f6+ 49. Kd6 f5 50. Kc7 Nd4 51. Bd5 Kf6 52. Kxb6 Ke5 53. Kc5 1-0